Microelectronics (Record no. 167194)

MARC details
000 -LEADER
fixed length control field 00386nam a2200157Ia 4500
008 - FIXED-LENGTH DATA ELEMENTS--GENERAL INFORMATION
fixed length control field 231217s9999 xx 000 0 und d
041 ## - LANGUAGE CODE
Language code of text/sound track or separate title English
082 ## - DEWEY DECIMAL CLASSIFICATION NUMBER
Classification number 621.38173 MIL;16
100 ## - MAIN ENTRY--PERSONAL NAME
Personal name Millman, Jacob Grabel, Arvin
245 #0 - TITLE STATEMENT
Title Microelectronics
250 ## - EDITION STATEMENT
Edition statement 2nd ed.
260 ## - PUBLICATION, DISTRIBUTION, ETC.
Date of publication, distribution, etc. 1987
Name of publisher, distributor, etc. New Delhi : TMH,
300 ## - PHYSICAL DESCRIPTION
Extent xx+1001
650 ## - SUBJECT ADDED ENTRY--TOPICAL TERM
Topical term or geographic name entry element Microelectronics
942 ## - ADDED ENTRY ELEMENTS (KOHA)
Koha item type Books
Holdings
Date last seen Total checkouts Full call number Accession number Cost, total (INR) price Price effective from Category Lost status Damaged status Department Withdrawn status Home library Current library Entry date Vendor Cost, normal purchase price Grants Billnumber Billdate Currency symbol Conversion rate Discount Old discount
26/01/2024   621.38173 MIL;16 15929 250.75 26/01/2024 Books     Central Library   Central Library Central Library 11/07/2000 Sai Books 295.00 EC 982 05/09/2003 RS 1 44.25 15
26/01/2024   621.38173 MIL;17 15989 250.75 26/01/2024 Books     Central Library   Central Library Central Library 26/07/2000 Sai Books 295.00 EC 986 23/09/2003 RS 1 44.25 15

© For any Suggestions or Query, please contact the library staff @ librarian@pes.edu or Phone: +9180 2672 1983/ 2108.